| 000 | 00682cam a22001817a 4500 | ||
|---|---|---|---|
| 008 | 180718b2004 xxu||||| |||| 00| 0 eng d | ||
| 100 | _aOzden, Caglar | ||
| 245 |
_aPrice effects of preferential market access: the Caribbean basin initiative and the apparel sector _cby Caglar Ozden and Gunjan Sharma |
||
| 260 |
_aWashington, D.C. _bWorld Bank _c2004 |
||
| 300 | _a30p. | ||
| 440 | _aPolicy research working paper; no. 3244 | ||
| 650 | _aReciprocity --Caribbean Area | ||
| 650 | _aReciprocity --United States | ||
| 650 | _aClothing trade --Caribbean Area | ||
| 650 | _aClothing trade --United States | ||
| 650 | _aCaribbean Basin Initiative, 1983- | ||
| 700 | _aSharma, Gunjan | ||
| 999 |
_c290350 _d290350 |
||